| 000 | 00639cab a2200241 4500 | ||
|---|---|---|---|
| 001 | ABS46475 | ||
| 008 | 090401t1992 xxu||||| |||| 00| 0 eng d | ||
| 035 | _a(Sirsi) u58462 | ||
| 041 | _aeng | ||
| 100 | _aEvans, A. | ||
| 245 | _aRating appeals | ||
| 260 | _c1992 | ||
| 350 | _a0 | ||
| 490 |
_aProperty Management _v10(2) Spring 1992, 132-140(5) |
||
| 520 | _aGuides on the appeal procedure against assessments in the 1990 valuation list. | ||
| 650 | _aAPPEAL PROCEDURE | ||
| 650 | _aRATING APPEALS | ||
| 650 | _aTIME LIMITS | ||
| 690 | _aRATING AND VALUATION | ||
| 700 | _aCooper, R. | ||
| 942 | _n0 | ||
| 948 | _c04/03/1997 | ||
| 999 |
_c35694 _d35694 |
||